LEADER 01292nam1 22002893i 450 001 VAN0117505 005 20180906111234.473 100 $a20180906g1965 |0itac50 ba 101 $aita 102 $aIT 105 $a|||| ||||| 200 1 $aˆLa ‰successione e la distinzione fra successio in ius e successio in locum$fUbaldo Robbe 210 $aMilano$cGiuffré 215 $avolumi$d25 cm. 410 1$1001VAN0004546$12001 $aPubblicazioni dell'Istituto di scienze giuridiche, economiche, politiche e sociali dell'Università di Messina$1210 $aMilano$cGiuffrè.$v71 463 1$1001VAN0117506$12001 $aˆ<> 1$fUbaldo Robbe$1205 $aMilano : Giuffre, 1965$1210 $a233 p.$a25 cm$1215 $aBiblioteca Lauria.$v1 606 $aRes $3VANC001274$2FI 606 $aRes nullius$3VANC006940$2FI 606 $aRes nullius in bonis$3VANC006941$2FI 620 $dMilano$3VANL000284 676 $a346$cDiritto privato$v22 700 1$aRobbe$bUbaldo$3VANV009653$0229031 712 $aGiuffrè $3VANV109181$4650 801 $aIT$bSOL$c20230616$gRICA 912 $aVAN0117505 996 $aSuccessione e la distinzione fra successio in ius e successio in locum$91520442 997 $aUNICAMPANIA LEADER 02145nam0 2200445 i 450 001 VAN0114244 005 20220302094541.374 017 70$2N$a978-3-319-42181-0 100 $a20180131d2016 |0itac50 ba 101 $aeng 102 $aCH 105 $a|||| ||||| 200 1 $aˆA ‰complex analysis problem book$fDaniel Alpay 210 $r2. ed 215 $a[Cham]$cBirkhäuser$d24 cm 500 1$3VAN0241828$aˆA ‰complex analysis problem book$91523047 606 $a46E20$xHilbert spaces of continuous, differentiable or analytic functions [MSC 2020]$3VANC021305$2MF 606 $a46E22$xHilbert spaces with reproducing kernels (= [proper] functional Hilbert spaces, including de Branges-Rovnyak and other structured spaces) [MSC 2020]$3VANC021306$2MF 606 $a97I80$xComplex analysis (educational aspects) [MSC 2020]$3VANC033637$2MF 606 $a46C07$xHilbert subspaces (= operator ranges); complementation (Aronszajn, de Branges, etc.) [MSC 2020]$3VANC033638$2MF 606 $a47B32$xLinear operators in reproducing-kernel Hilbert spaces (including de Branges, de Branges-Rovnyak, and other structured spaces) [MSC 2020]$3VANC033639$2MF 610 $aAnalytic function$9KW:K 610 $aCauchy formula$9KW:K 610 $aComplex variables$9KW:K 610 $aConformal mapping$9KW:K 610 $aHolomorphic function$9KW:K 610 $aPositive matrices$9KW:K 610 $aReproducing Kernel$9KW:K 620 $aCH$dCham$3VANL001889 700 1$aAlpay$bDaniel$3VANV080657$054298 712 $aBirkhäuser $3VANV108193$4650 712 $aSpringer $3VANV108073$4650 801 $aIT$bSOL$c20240614$gRICA 856 4 $uhttp://dx.doi.org/10.1007/978-3-319-42181-0$zE-book ? Accesso al full-text attraverso riconoscimento IP di Ateneo, proxy e/o Shibboleth 899 $aBIBLIOTECA CENTRO DI SERVIZIO SBA$2VAN15 912 $fN 912 $aVAN0114244 950 $aBIBLIOTECA CENTRO DI SERVIZIO SBA$d15CONS SBA EBOOK 2035 $e15EB 2035 20180131 996 $aComplex analysis problem book$91523047 997 $aUNICAMPANIA